000 00254nam a2200109Ia 4500
008 190216s9999||||xx |||||||||||||| ||und||
100 _aAcharya Bk & Govekar Pb
245 0 _aElements Of Commerce
260 _bNull
_c1964
300 _a422p
942 _cBK
999 _c3838
_d3838